[Event "9th Capablanca Memorial"]
[Site "Cienfuegos CUB"]
[Date "1972.??.??"]
[Round "1"]
[White "Lengyel, Levente"]
[Black "Levy, David"]
[Result "0-1"]
[WhiteElo "2485"]
[BlackElo "2360"]
[EventDate "1972.02.??"]
[PlyCount "164"]

1.Nf3 f5 2.d4 e6 3.g3 Nf6 4.Bg2 Be7 5.O-O O-O 6.c4 d6 7.Nc3 a5 8.b3 Ne4 9.
Bb2 Bf6 10.Qc2 Nxc3 11.Bxc3 Nc6 12.e4 fxe4 13.Qxe4 Qe8 14.Rae1 Qh5 15.Re3 
Bd7 16.a3 Rae8 17.Qd3 b6 18.Rfe1 Ne7 19.h4 Nf5 20.Re4 Qg6 21.Rf4 Nxh4 22.
Qxg6 Nxg6 23.Rfe4 Re7 24.Bh3 Rfe8 25.Nh2 h5 26.f4 h4 27.Ng4 hxg3 28.Nxf6+ 
gxf6 29.f5 exf5 30.Rxe7 Rxe7 31.Rxe7 Nxe7 32.Kg2 Kf7 33.Kxg3 f4+ 34.Kh2 
Bxh3 35.Kxh3 f5 36.Kh4 Kg6 37.d5 c6 38.dxc6 Nxc6 39.Bd2 Nd4 40.Bxf4 Nxb3 
41.Bxd6 Nd2 42.c5 Ne4 43.Bc7 bxc5 44.Bxa5 c4 45.Bb6 c3 46.Be3 Nd2 47.a4 
Nb3 48.Bf4 Kf6 49.Kh5 Na5 50.Bc7 Nc4 51.Bf4 Na5 52.Bc7 Nc4 53.Bf4 c2 54.
Kh4 Ne5 55.Bc1 Nc4 56.Bf4 Ne5 57.Bc1 Nd3 58.Ba3 Ke5 59.a5 Nc5 60.Kg3 Ke4 
61.Bc1 Kd4 62.Kf4 Nd3+ 63.Kxf5 Nxc1 64.a6 Nd3 65.a7 c1=Q 66.a8=Q Qf4+ 67.
Ke6 Qh6+ 68.Kd7 Qg7+ 69.Kc8 Qf8+ 70.Kb7 Nc5+ 71.Ka7 Qe7+ 72.Kb6 Nd7+ 73.
Kc7 Ne5+ 74.Kb8 Qd8+ 75.Kb7 Qd7+ 76.Kb6 Nc4+ 77.Ka6 Qd6+ 78.Kb7 Qd7+ 79.
Kb8 Qd8+ 80.Kb7 Nd6+ 81.Ka7 Qa5+ 82.Kb8 Qb6+ 0-1

[Event "9th Capablanca Memorial"]
[Site "Cienfuegos CUB"]
[Date "1972.??.??"]
[Round "1"]
[White "Mista, Ladislav"]
[Black "Spiridonov, Nikola"]
[Result "0-1"]
[WhiteElo "2410"]
[BlackElo "2450"]
[EventDate "1972.02.??"]
[PlyCount "96"]

1.d4 Nf6 2.c4 g6 3.Nf3 Bg7 4.g3 O-O 5.Bg2 c5 6.d5 d6 7.O-O b5 8.cxb5 a6 9.
bxa6 Bxa6 10.Re1 Nbd7 11.e4 Ng4 12.Nc3 Qa5 13.h3 Nge5 14.Nxe5 Nxe5 15.Bf1 
Rfb8 16.Bxa6 Qxa6 17.Kg2 Nd3 18.Re2 Nxb2 19.Bxb2 Rxb2 20.Rxb2 Bxc3 21.Rab1
Bxb2 22.Rxb2 Qc4 23.Qe2 Qxe2 24.Rxe2 Ra3 25.f4 h5 26.h4 Kf8 27.Kf2 f5 28.
e5 dxe5 29.fxe5 Rd3 30.a4 Rxd5 31.a5 Kf7 32.a6 Rd8 33.Kf3 Ke6 34.Kf4 Rd4+ 
35.Kg5 Rg4+ 36.Kh6 Ra4 37.Kxg6 Rxa6 38.Kxh5 Ra4 39.Rc2 Rg4 40.Rxc5 Rxg3 
41.Kh6 f4 42.h5 f3 43.Rc1 f2 44.Rf1 Rg2 45.Kh7 Kxe5 46.h6 Kf4 47.Kh8 Kf3 
48.h7 Rh2 0-1

[Event "9th Capablanca Memorial"]
[Site "Cienfuegos CUB"]
[Date "1972.??.??"]
[Round "1"]
[White "Donner, Jan"]
[Black "Minev, Nikolai"]
[Result "1/2-1/2"]
[WhiteElo "2500"]
[BlackElo "2455"]
[EventDate "1972.02.??"]
[PlyCount "51"]

1.c4 c6 2.e4 e5 3.Nf3 d6 4.d4 Nd7 5.Nc3 Be7 6.Be2 Ngf6 7.O-O O-O 8.Re1 Qc7
9.Bf1 a6 10.h3 Re8 11.Be3 Bf8 12.d5 g6 13.Nd2 c5 14.a3 Nh5 15.Bd3 Nf4 16.
Bf1 Nh5 17.Kh2 Be7 18.g3 Qd8 19.Bd3 Bg5 20.Nf3 Bxe3 21.fxe3 Rf8 22.Nh4 Ng7
23.Rf1 f6 24.Rf2 Rf7 25.Qc2 Nf8 26.Rf3 1/2-1/2

[Event "9th Capablanca Memorial"]
[Site "Cienfuegos CUB"]
[Date "1972.??.??"]
[Round "1"]
[White "Damjanovic, Mato"]
[Black "Platonov, Igor"]
[Result "0-1"]
[WhiteElo "2490"]
[BlackElo "2470"]
[EventDate "1972.02.??"]
[PlyCount "72"]

1.e4 c5 2.Nf3 d6 3.d4 cxd4 4.Nxd4 Nf6 5.Nc3 a6 6.h3 e6 7.g4 b5 8.Bg2 Bb7 
9.g5 Nfd7 10.a4 b4 11.Nce2 Be7 12.Ng3 O-O 13.h4 Nc6 14.O-O Nxd4 15.Qxd4 a5
16.Nh5 e5 17.Qd1 Nc5 18.Ng3 f6 19.gxf6 Bxf6 20.h5 Bg5 21.Bxg5 Qxg5 22.Qxd6
Nxe4 23.Bxe4 Bxe4 24.Rae1 Bxc2 25.Rxe5 Qf4 26.Qc5 Bxa4 27.Re6 Bb3 28.Re3 
Rac8 29.Qb6 Bd5 30.Qxa5 Bc4 31.Re4 Qf7 32.Ne2 Rfe8 33.Rf4 Qb7 34.Rxc4 Rxc4
35.Ng3 h6 36.Qf5 Rf8 0-1

[Event "9th Capablanca Memorial"]
[Site "Cienfuegos CUB"]
[Date "1972.??.??"]
[Round "2"]
[White "Platonov, Igor"]
[Black "Rodriguez Vargas, Orestes"]
[Result "0-1"]
[WhiteElo "2470"]
[BlackElo "2420"]
[EventDate "1972.02.??"]
[PlyCount "56"]

1.Nf3 d5 2.c4 e6 3.b3 Nf6 4.Bb2 Be7 5.e3 b6 6.d4 Ne4 7.Nbd2 f5 8.Bd3 O-O 
9.O-O Nd7 10.Qe2 Bd6 11.Rac1 Bb7 12.Rc2 Rf6 13.cxd5 exd5 14.Ne5 Rh6 15.
Rfc1 Bxe5 16.dxe5 Ndc5 17.f3 Rxh2 18.Nf1 Rh6 19.fxe4 fxe4 20.Bb5 Qh4 21.g3
Qh1+ 22.Kf2 Rh2+ 23.Ke1 Rxe2+ 24.Bxe2 Rf8 25.Ba3 Nd3+ 26.Bxd3 exd3 27.Bxf8
dxc2 28.Ba3 Qg2 0-1

[Event "9th Capablanca Memorial"]
[Site "Cienfuegos CUB"]
[Date "1972.??.??"]
[Round "2"]
[White "Jimenez Zerquera, Eleazar"]
[Black "Lein, Anatoly"]
[Result "0-1"]
[WhiteElo "2410"]
[BlackElo "2510"]
[EventDate "1972.02.??"]
[PlyCount "90"]

1.e4 c5 2.Nf3 Nc6 3.d4 cxd4 4.Nxd4 Nf6 5.Nc3 d6 6.Bc4 e6 7.Be3 Be7 8.Bb3 
O-O 9.O-O Bd7 10.f4 Nxd4 11.Bxd4 Bc6 12.Qd3 b5 13.e5 dxe5 14.fxe5 Nd7 15.
Ne4 Bxe4 16.Qxe4 Nc5 17.Bxc5 Bxc5+ 18.Kh1 Qd4 19.Rae1 Qxe4 20.Rxe4 Rad8 
21.Re2 b4 22.Bc4 Bd4 23.b3 g6 24.g3 Bc3 25.Kg2 Kg7 26.Rf3 Rd1 27.Rd3 Rd8 
28.Kf3 h5 29.h4 Kh6 30.Rxd8 Rxd8 31.Bd3 Rd5 32.Kf4 Ra5 33.Re4 Rxa2 34.g4 
hxg4 35.Kxg4 Ra1 36.Kf3 Rd1 37.Rf4 Kg7 38.Rg4 Rh1 39.Kg2 Re1 40.h5 Rxe5 
41.hxg6 f5 42.Rg5 Bd2 43.Rg3 Bf4 44.Rh3 Kxg6 45.Rh8 Be3 0-1

[Event "9th Capablanca Memorial"]
[Site "Cienfuegos CUB"]
[Date "1972.??.??"]
[Round "2"]
[White "Lengyel, Levente"]
[Black "Mista, Ladislav"]
[Result "1/2-1/2"]
[WhiteElo "2485"]
[BlackElo "2410"]
[EventDate "1972.02.??"]
[PlyCount "32"]

1.c4 e5 2.Nc3 d6 3.d4 Nc6 4.d5 Nce7 5.e4 g6 6.Be2 Bg7 7.h4 h5 8.Nh3 Nh6 9.
g3 f6 10.Kf1 O-O 11.Kg2 Bd7 12.Bd2 a6 13.b4 c6 14.Qb3 Nf7 15.a4 cxd5 16.
cxd5 Bh6 1/2-1/2

[Event "9th Capablanca Memorial"]
[Site "Cienfuegos CUB"]
[Date "1972.??.??"]
[Round "2"]
[White "Spiridonov, Nikola"]
[Black "Diaz Diaz, Joaquin"]
[Result "1-0"]
[WhiteElo "2450"]
[BlackElo "2270"]
[EventDate "1972.02.??"]
[PlyCount "63"]

1.c4 Nf6 2.g3 g6 3.Bg2 d5 4.cxd5 Nxd5 5.Nc3 Nb6 6.Nf3 Bg7 7.O-O Nc6 8.d3 
O-O 9.Be3 h6 10.Rc1 Re8 11.a3 e5 12.Ne4 Nd5 13.Bd2 Nce7 14.b4 b6 15.Ne1 
Bb7 16.Nc2 Qd7 17.Ne3 Nxe3 18.fxe3 Nd5 19.Qb3 Rac8 20.Nf2 Kh7 21.e4 Nf6 
22.Bh3 Qe7 23.Bxc8 Rxc8 24.Nd1 Qd7 25.Qb2 Qh3 26.Ne3 h5 27.Rf3 Qe6 28.Rcf1
Rf8 29.Qc2 Ne8 30.b5 f5 31.exf5 gxf5 32.Rxf5 1-0

[Event "9th Capablanca Memorial"]
[Site "Cienfuegos CUB"]
[Date "1972.??.??"]
[Round "3"]
[White "Lein, Anatoly"]
[Black "Hennings, Artur"]
[Result "1/2-1/2"]
[WhiteElo "2510"]
[BlackElo "2475"]
[EventDate "1972.02.??"]
[PlyCount "117"]

1.c4 c6 2.Nc3 d5 3.cxd5 cxd5 4.d4 Nf6 5.Nf3 Nc6 6.Bf4 Bf5 7.e3 e6 8.Bb5 
Nd7 9.O-O Be7 10.Bxc6 bxc6 11.Ne5 Nxe5 12.Bxe5 O-O 13.Rc1 Rc8 14.Na4 Qa5 
15.Qb3 f6 16.Bg3 Qb5 17.Nc5 Qxb3 18.Nxb3 Bd3 19.Rfd1 Bc4 20.Na5 Bb5 21.Nb7
Rf7 22.b3 Ba3 23.Nd6 Bxc1 24.Rxc1 Rff8 25.Nxc8 Rxc8 26.f3 Kf7 27.Kf2 Ke7 
28.h4 h5 29.Bf4 Kd7 30.e4 Re8 31.e5 f5 32.Bd2 Rc8 33.Bb4 f4 34.Rc3 a5 35.
Bxa5 Ra8 36.b4 Kc8 37.g3 fxg3+ 38.Kxg3 Kb7 39.Kf2 Rf8 40.Rc1 Rf4 41.Ke3 
Rxh4 42.Rg1 Ka6 43.Rxg7 c5 44.dxc5 d4+ 45.Kf2 Rh2+ 46.Kg3 Rxa2 47.Re7 Bc6 
48.Rxe6 Kb5 49.Rd6 Ra3 50.Rxd4 Rxf3+ 51.Kh4 Re3 52.Kxh5 Rxe5+ 53.Kg6 Re4 
54.Rd6 Rf4 55.Kg5 Re4 56.Kf5 Re2 57.Rd4 Re7 58.Rh4 Re2 59.Rh8 1/2-1/2

[Event "9th Capablanca Memorial"]
[Site "Cienfuegos CUB"]
[Date "1972.??.??"]
[Round "3"]
[White "Donner, Jan"]
[Black "Spiridonov, Nikola"]
[Result "0-1"]
[WhiteElo "2500"]
[BlackElo "2450"]
[EventDate "1972.02.??"]
[PlyCount "86"]

1.d4 Nf6 2.c4 g6 3.Nc3 d5 4.cxd5 Nxd5 5.e4 Nxc3 6.bxc3 Bg7 7.Bc4 c5 8.Ne2 
Nc6 9.Be3 O-O 10.O-O Qc7 11.Rc1 Rd8 12.Qa4 Na5 13.Bd3 Bd7 14.Qa3 Rac8 15.
Ng3 Bf8 16.Qb2 b5 17.f4 e6 18.f5 Nc4 19.Bxc4 bxc4 20.Qf2 exf5 21.exf5 Bxf5
22.Nxf5 gxf5 23.Qxf5 Qd7 24.Qg5+ Bg7 25.dxc5 Rc6 26.Qh4 Qd5 27.Rcd1 Qxd1 
28.Rxd1 Rxd1+ 29.Kf2 Rd3 30.Qxc4 Rxc3 31.Qd5 Rf6+ 32.Kg1 Re6 33.Qd8+ Bf8 
34.Bd4 Rc1+ 35.Kf2 Rc2+ 36.Kf3 h6 37.a4 a6 38.h4 Rd2 39.g4 Rd3+ 40.Kf4 Kh7
41.Qd5 Kg8 42.Qd8 Re1 43.c6 Red1 0-1

[Event "9th Capablanca Memorial"]
[Site "Cienfuegos CUB"]
[Date "1972.??.??"]
[Round "3"]
[White "Mista, Ladislav"]
[Black "Levy, David"]
[Result "1/2-1/2"]
[WhiteElo "2410"]
[BlackElo "2360"]
[EventDate "1972.02.??"]
[PlyCount "58"]

1.c4 e5 2.Nc3 d6 3.d4 Nc6 4.Nf3 Bg4 5.d5 Bxf3 6.gxf3 Nb8 7.Qb3 b6 8.Bh3 
Be7 9.Rg1 Kf8 10.f4 Nd7 11.Ne4 Ngf6 12.Ng5 exf4 13.Bxf4 Nh5 14.Bd2 Ne5 15.
f4 h6 16.Ne6+ fxe6 17.fxe5 Bh4+ 18.Kd1 dxe5 19.Qf3+ Nf6 20.Bb4+ c5 21.Bc3 
exd5 22.Bxe5 Qe7 23.Bc3 Rd8 24.cxd5 Bg5 25.Rf1 Qe3 26.Bg2 Qxf3 27.Bxf3 Be3
28.Kc2 Ke7 29.Rad1 Bf4 1/2-1/2

[Event "9th Capablanca Memorial"]
[Site "Cienfuegos CUB"]
[Date "1972.??.??"]
[Round "3"]
[White "Rodriguez Vargas, Orestes"]
[Black "Ribli, Zoltan"]
[Result "1/2-1/2"]
[WhiteElo "2420"]
[BlackElo "2440"]
[EventDate "1972.02.??"]
[PlyCount "118"]

1.e4 c5 2.Nf3 e6 3.d4 cxd4 4.Nxd4 Nc6 5.Nc3 a6 6.g3 Nge7 7.Nb3 Na5 8.Bg2 
Nec6 9.O-O Be7 10.Qe2 O-O 11.Rd1 b5 12.Bf4 Nc4 13.Rab1 Qb6 14.Nd2 N4e5 15.
Nd5 exd5 16.exd5 Ng6 17.dxc6 dxc6 18.Be3 Qc7 19.Nb3 Be6 20.f4 Rad8 21.Qf2 
Qc8 22.Bb6 Rd7 23.Nd4 Bxa2 24.Ra1 Bd5 25.Bh3 Qb7 26.Bxd7 Qxd7 27.Ne2 Qf5 
28.Nc3 Be6 29.Rxa6 b4 30.Ra5 Qg4 31.Ne2 Nxf4 32.Qxf4 Qxe2 33.Qd2 Qg4 34.
Re1 h6 35.Qf4 Qh3 36.Qf1 Qg4 37.Qe2 Qxe2 38.Rxe2 Bf6 39.b3 Bc3 40.Kf2 Rb8 
41.Bc7 Bd4+ 42.Kg2 Rb7 43.Be5 Bb6 44.Ra8+ Kh7 45.Rb8 Rxb8 46.Bxb8 Bc5 47.
Bf4 Kg6 48.Be3 Be7 49.Kf2 c5 50.Re1 Kf5 51.Ra1 Ke4 52.Ra8 Kd5 53.Ra7 Bd6 
54.Ra1 Bf5 55.Ra2 Be4 56.Ke2 f5 57.Kd2 g5 58.Ra6 f4 59.gxf4 gxf4 1/2-1/2

[Event "9th Capablanca Memorial"]
[Site "Cienfuegos CUB"]
[Date "1972.??.??"]
[Round "3"]
[White "Garcia Martinez, Silvino"]
[Black "Platonov, Igor"]
[Result "1/2-1/2"]
[WhiteElo "2340"]
[BlackElo "2470"]
[EventDate "1972.02.??"]
[PlyCount "39"]

1.d4 Nf6 2.c4 c5 3.d5 b5 4.cxb5 a6 5.bxa6 Bxa6 6.Nc3 d6 7.Nf3 g6 8.g3 Bg7 
9.Bg2 O-O 10.O-O Nbd7 11.Qc2 Qa5 12.Bd2 Rfb8 13.Bh3 Qc7 14.Rfd1 Nb6 15.Bc1
Bc8 16.Bxc8 Qxc8 17.Kg2 Nc4 18.Nd2 Nxd2 19.Qxd2 Nd7 20.Qc2 1/2-1/2

[Event "9th Capablanca Memorial"]
[Site "Cienfuegos CUB"]
[Date "1972.??.??"]
[Round "3"]
[White "Diaz Diaz, Joaquin"]
[Black "Lengyel, Levente"]
[Result "1/2-1/2"]
[WhiteElo "2270"]
[BlackElo "2485"]
[EventDate "1972.02.??"]
[PlyCount "35"]

1.e4 c5 2.Nf3 e6 3.d4 cxd4 4.Nxd4 Nc6 5.Nxc6 bxc6 6.Bd3 d5 7.Nd2 Nf6 8.O-O
Be7 9.Qe2 O-O 10.b3 a5 11.a4 Bb4 12.e5 Nd7 13.Nf3 Be7 14.Ba3 Bxa3 15.Rxa3 
Nc5 16.Rb1 Nxd3 17.cxd3 Qb6 18.d4 1/2-1/2

[Event "9th Capablanca Memorial"]
[Site "Cienfuegos CUB"]
[Date "1972.??.??"]
[Round "4"]
[White "Levy, David"]
[Black "Platonov, Igor"]
[Result "0-1"]
[WhiteElo "2360"]
[BlackElo "2470"]
[EventDate "1972.02.??"]
[PlyCount "64"]

1.e4 c5 2.Nf3 Nc6 3.d4 cxd4 4.Nxd4 Qb6 5.Nb3 Nf6 6.Nc3 e6 7.Be3 Qc7 8.a3 
Be7 9.f4 d6 10.Bd3 a6 11.Qf3 b5 12.O-O Bb7 13.Rae1 b4 14.axb4 Nxb4 15.Qg3 
O-O 16.e5 Nh5 17.Qh3 g6 18.g4 Nxd3 19.cxd3 Ng7 20.Rc1 Qd8 21.exd6 Bxd6 22.
Nd2 Be7 23.Nde4 Rc8 24.Rcd1 h5 25.gxh5 Nxh5 26.f5 exf5 27.Rxf5 gxf5 28.
Qxh5 Rc6 29.Qxf5 Rg6+ 30.Ng3 Bd6 31.Ne2 Re8 32.Nf4 Bxf4 0-1

[Event "9th Capablanca Memorial"]
[Site "Cienfuegos CUB"]
[Date "1972.??.??"]
[Round "4"]
[White "Mista, Ladislav"]
[Black "Diaz Diaz, Joaquin"]
[Result "1-0"]
[WhiteElo "2410"]
[BlackElo "2270"]
[EventDate "1972.02.??"]
[PlyCount "85"]

1.e4 c5 2.Nc3 Nc6 3.g3 g6 4.Bg2 Bg7 5.d3 e6 6.Be3 Nd4 7.Nce2 Ne7 8.c3 Nxe2
9.Nxe2 d6 10.Qd2 h5 11.d4 Qc7 12.O-O Bd7 13.h4 O-O 14.Bh6 Bb5 15.Bxg7 Kxg7
16.Rfe1 e5 17.d5 f5 18.Rac1 Bxe2 19.Qxe2 f4 20.g4 hxg4 21.Qxg4 Rh8 22.Bf3 
Rh5 23.Kg2 Rah8 24.Rh1 Ng8 25.b4 Nf6 26.Qe6 Re8 27.Qh3 Rh6 28.Rcg1 Qc8 29.
Rb1 cxb4 30.cxb4 Qxh3+ 31.Rxh3 Rc8 32.Rhh1 Rhh8 33.Rbc1 Kf7 34.a4 Ke7 35.
Kh3 Rxc1 36.Rxc1 g5 37.h5 g4+ 38.Bxg4 Nxe4 39.f3 Nf2+ 40.Kh4 Nxg4 41.fxg4 
f3 42.Rc7+ Ke8 43.Kg3 1-0

[Event "9th Capablanca Memorial"]
[Site "Cienfuegos CUB"]
[Date "1972.??.??"]
[Round "4"]
[White "Minev, Nikolai"]
[Black "Lein, Anatoly"]
[Result "1/2-1/2"]
[WhiteElo "2455"]
[BlackElo "2510"]
[EventDate "1972.02.??"]
[PlyCount "79"]

1.d4 Nf6 2.c4 e6 3.Nf3 Bb4+ 4.Bd2 Qe7 5.g3 Bxd2+ 6.Qxd2 d6 7.Nc3 O-O 8.Bg2
e5 9.O-O Re8 10.e4 Bg4 11.d5 Bxf3 12.Bxf3 c6 13.Bg2 cxd5 14.cxd5 Nbd7 15.
Rfc1 Rec8 16.Qe2 Qd8 17.Bh3 a6 18.Rc2 Rc5 19.b4 Rc7 20.Rac1 Rac8 21.Nd1 g6
22.a4 a5 23.Bxd7 Nxd7 24.b5 Kf8 25.Ne3 Nb6 26.Qd1 Ke7 27.Kg2 Rxc2 28.Rxc2 
Rxc2 29.Qxc2 Kd7 30.Nc4 Nxc4 31.Qxc4 Qc7 32.Qe2 Qc3 33.Qg4+ Ke8 34.Qd1 Kd8
35.h4 Kc7 36.h5 Kb6 37.h6 f6 38.Qg4 Qd3 39.Qe6 Qxe4+ 40.Kg1 1/2-1/2

[Event "9th Capablanca Memorial"]
[Site "Cienfuegos CUB"]
[Date "1972.??.??"]
[Round "4"]
[White "Lengyel, Levente"]
[Black "Donner, Jan"]
[Result "1/2-1/2"]
[WhiteElo "2485"]
[BlackElo "2500"]
[EventDate "1972.02.??"]
[PlyCount "33"]

1.Nf3 d5 2.d4 Nf6 3.c4 e6 4.Nc3 Be7 5.Bg5 O-O 6.e3 b6 7.Bd3 dxc4 8.Bxc4 
Bb7 9.O-O Nbd7 10.Qe2 h6 11.Bf4 Nd5 12.Nxd5 exd5 13.Ba6 Qc8 14.Bxb7 Qxb7 
15.Rfd1 c5 16.dxc5 bxc5 17.Rac1 1/2-1/2

[Event "9th Capablanca Memorial"]
[Site "Cienfuegos CUB"]
[Date "1972.??.??"]
[Round "4"]
[White "Jimenez Zerquera, Eleazar"]
[Black "Damjanovic, Mato"]
[Result "1/2-1/2"]
[WhiteElo "2410"]
[BlackElo "2490"]
[EventDate "1972.02.??"]
[PlyCount "29"]

1.d4 Nf6 2.c4 e6 3.Nf3 Bb4+ 4.Bd2 Qe7 5.Nc3 Bxc3 6.Bxc3 Ne4 7.Qc2 Nxc3 8.
Qxc3 O-O 9.g3 d6 10.Bg2 Re8 11.O-O e5 12.e3 Nd7 13.Nd2 Nf6 14.dxe5 dxe5 
15.Ne4 1/2-1/2

[Event "9th Capablanca Memorial"]
[Site "Cienfuegos CUB"]
[Date "1972.??.??"]
[Round "5"]
[White "Garcia Martinez, Silvino"]
[Black "Quinteros, Miguel Angel"]
[Result "0-1"]
[WhiteElo "2340"]
[BlackElo "2465"]
[EventDate "1972.02.??"]
[PlyCount "44"]

1.e4 g6 2.d4 Bg7 3.Nf3 d6 4.c3 Nf6 5.Bd3 O-O 6.O-O Nc6 7.h3 Re8 8.e5 dxe5 
9.dxe5 Nd7 10.e6 fxe6 11.Qe2 Nde5 12.Nxe5 Nxe5 13.Rd1 Bd7 14.Bc2 Qc8 15.h4
Rf8 16.Bb3 c5 17.h5 gxh5 18.Qxh5 Be8 19.Qh3 c4 20.Bc2 Bg6 21.Bxg6 Nxg6 22.
Na3 Qc6 0-1

[Event "9th Capablanca Memorial"]
[Site "Cienfuegos CUB"]
[Date "1972.??.??"]
[Round "5"]
[White "Diaz Diaz, Joaquin"]
[Black "Levy, David"]
[Result "1/2-1/2"]
[WhiteElo "2270"]
[BlackElo "2360"]
[EventDate "1972.02.??"]
[PlyCount "83"]

1.e4 c5 2.Nf3 d6 3.d4 cxd4 4.Nxd4 Nf6 5.Nc3 g6 6.Be3 Bg7 7.f3 Nc6 8.Bc4 
O-O 9.Qd2 Bd7 10.Bb3 Nxd4 11.Bxd4 b5 12.O-O a5 13.a3 Bc6 14.Nd5 Nxd5 15.
exd5 Bd7 16.Rae1 Re8 17.Bxg7 Kxg7 18.Qd4+ f6 19.Re2 Qc7 20.Rfe1 Bc8 21.Kh1
a4 22.Ba2 Ra7 23.h3 Qc5 24.Qxc5 dxc5 25.d6 c4 26.dxe7 Kf7 27.Kg1 Raxe7 28.
Rxe7+ Rxe7 29.Rxe7+ Kxe7 30.Bb1 c3 31.bxc3 Be6 32.c4 Bxc4 33.c3 Ke6 34.Kf2
Kd5 35.h4 f5 36.h5 Ke5 37.hxg6 hxg6 38.g3 g5 39.Ke3 f4+ 40.gxf4+ gxf4+ 41.
Kd2 Kd6 42.Bd3 1/2-1/2

[Event "9th Capablanca Memorial"]
[Site "Cienfuegos CUB"]
[Date "1972.??.??"]
[Round "5"]
[White "Donner, Jan"]
[Black "Mista, Ladislav"]
[Result "1-0"]
[WhiteElo "2500"]
[BlackElo "2410"]
[EventDate "1972.02.??"]
[PlyCount "85"]

1.d4 Nf6 2.c4 g6 3.Nc3 Bg7 4.e4 d6 5.Be2 O-O 6.Nf3 e5 7.Be3 Nc6 8.d5 Ne7 
9.Nd2 Nd7 10.b4 f5 11.f3 Nf6 12.c5 Rf7 13.Nc4 Bf8 14.O-O f4 15.Bf2 g5 16.
cxd6 cxd6 17.Nb5 Ng6 18.Nxa7 Bd7 19.a4 g4 20.Nb5 Bxb5 21.axb5 Rxa1 22.Qxa1
g3 23.hxg3 Nh5 24.Bb6 Qg5 25.g4 Ng3 26.Re1 Qh4 27.Bd3 Be7 28.Nd2 Qh1+ 29.
Kf2 Qh2 30.Rg1 Qh4 31.Ke1 Nxe4+ 32.Ke2 Ng3+ 33.Kd1 Qh2 34.Bxg6 hxg6 35.
Qa8+ Kg7 36.Qxb7 e4 37.fxe4 Qh4 38.Nf3 Qxg4 39.Bd4+ Bf6 40.Bxf6+ Kxf6 41.
Qb6 Nxe4 42.Qd4+ Kf5 43.Re1 1-0

[Event "9th Capablanca Memorial"]
[Site "Cienfuegos CUB"]
[Date "1972.??.??"]
[Round "5"]
[White "Lein, Anatoly"]
[Black "Karaklajic, Nikola"]
[Result "1-0"]
[WhiteElo "2510"]
[BlackElo "2490"]
[EventDate "1972.02.??"]
[PlyCount "75"]

1.e4 e5 2.Nf3 Nc6 3.Bb5 a6 4.Bxc6 dxc6 5.O-O f6 6.d4 Bg4 7.c3 Qd7 8.h3 Bh5
9.Nxe5 Qxh3 10.gxh3 Bxd1 11.Rxd1 fxe5 12.dxe5 Ne7 13.Kf1 Ng6 14.f4 Bc5 15.
Ke2 O-O 16.Rf1 Rae8 17.b4 Bb6 18.Na3 a5 19.Nc4 axb4 20.Nxb6 cxb6 21.cxb4 
b5 22.a3 b6 23.Rb1 Rf7 24.Rb3 Ref8 25.Rbf3 Nh4 26.Rd3 Ng6 27.e6 Rc7 28.f5 
Ne7 29.Rg3 Kh8 30.Bb2 Ng8 31.Be5 Ra7 32.Rc1 Nf6 33.Bxf6 gxf6 34.Rxc6 Rg8 
35.Rxg8+ Kxg8 36.Rxb6 Kg7 37.Rxb5 Rxa3 38.Rb8 1-0

[Event "9th Capablanca Memorial"]
[Site "Cienfuegos CUB"]
[Date "1972.??.??"]
[Round "5"]
[White "Damjanovic, Mato"]
[Black "Hennings, Artur"]
[Result "1-0"]
[WhiteElo "2490"]
[BlackElo "2475"]
[EventDate "1972.02.??"]
[PlyCount "135"]

1.e4 e5 2.Nf3 Nc6 3.Bb5 a6 4.Ba4 Nf6 5.O-O Be7 6.Bxc6 dxc6 7.d3 Nd7 8.Nbd2
O-O 9.Nc4 f6 10.Nh4 Nc5 11.Nf5 Bxf5 12.exf5 Qd7 13.Qg4 b6 14.h3 Rfe8 15.
Be3 Nb7 16.f4 exf4 17.Bxf4 Bd6 18.Rae1 Bxf4 19.Qxf4 b5 20.Nd2 Nd6 21.g4 h6
22.Nb3 Rxe1 23.Rxe1 Re8 24.Rxe8+ Qxe8 25.Kf2 Qf7 26.Qf3 Qe8 27.Qe3 Qf7 28.
Qc5 Qe7 29.Qe3 Qf7 30.Qd4 h5 31.a3 hxg4 32.hxg4 g6 33.fxg6 Qxg6 34.Nd2 Kf8
35.Ne4 Ke7 36.Nxd6 cxd6 37.Qa7+ Kd8 38.Qb8+ Kd7 39.Qb7+ Kd8 40.Qxc6 f5 41.
gxf5 Qxf5+ 42.Ke2 Qe5+ 43.Kd2 a5 44.Qe4 Qxb2 45.Qa8+ Kd7 46.Qxa5 Qe5 47.
Qb4 Kd8 48.Qa5+ Kd7 49.Qa7+ Kc6 50.Qe3 Qb2 51.d4 Qb1 52.Qf3+ Kc7 53.Qc3+ 
Kd7 54.d5 Qg1 55.Qc6+ Ke7 56.Qxb5 Kd8 57.Qc4 Qg3 58.a4 Qf2+ 59.Kc1 Qb6 60.
Qb5 Qd4 61.Kb1 Qd1+ 62.Kb2 Qd4+ 63.Ka2 Qd2 64.Qc6 Qb4 65.c3 Qf4 66.Kb3 Qc1
67.Kb4 Qf4+ 68.Kb5 1-0

[Event "9th Capablanca Memorial"]
[Site "Cienfuegos CUB"]
[Date "1972.??.??"]
[Round "6"]
[White "Jimenez Zerquera, Eleazar"]
[Black "Garcia Martinez, Silvino"]
[Result "1/2-1/2"]
[WhiteElo "2410"]
[BlackElo "2340"]
[EventDate "1972.02.??"]
[PlyCount "42"]

1.e4 e5 2.Nf3 Nc6 3.Bb5 a6 4.Ba4 Nf6 5.O-O Be7 6.Re1 b5 7.Bb3 d6 8.c3 O-O 
9.h3 Nb8 10.d4 Nbd7 11.c4 c6 12.a3 Bb7 13.Nc3 h6 14.Ba2 Re8 15.b4 exd4 16.
Nxd4 bxc4 17.Bxc4 Bf8 18.Nf5 d5 19.exd5 Rxe1+ 20.Qxe1 cxd5 21.Bb3 a5 
1/2-1/2

[Event "9th Capablanca Memorial"]
[Site "Cienfuegos CUB"]
[Date "1972.??.??"]
[Round "6"]
[White "Levy, David"]
[Black "Ribli, Zoltan"]
[Result "0-1"]
[WhiteElo "2360"]
[BlackElo "2440"]
[EventDate "1972.02.??"]
[PlyCount "92"]

1.e4 c5 2.Nf3 d6 3.d4 cxd4 4.Nxd4 Nf6 5.Nc3 a6 6.Bc4 e6 7.Bb3 b5 8.O-O Be7
9.f4 O-O 10.e5 dxe5 11.fxe5 Nfd7 12.Qf3 Nxe5 13.Qe4 Bc5 14.Be3 Nbc6 15.
Nxc6 Bxe3+ 16.Qxe3 Nxc6 17.Rad1 Qe7 18.Ne4 Qa7 19.Nc5 Na5 20.Qf2 Rb8 21.
Nd7 Qxf2+ 22.Rxf2 Bxd7 23.Rxd7 Rb7 24.Rd6 Ra8 25.c3 Nxb3 26.axb3 e5 27.
Rfd2 Kf8 28.Kf2 Ke7 29.Ke3 a5 30.Ke4 f6 31.Kd5 Rc8 32.Rd3 a4 33.b4 Rc4 34.
Rg3 Kf7 35.Rc6 Rd7+ 36.Rd6 Rxd6+ 37.Kxd6 g5 38.Rd3 e4 39.Re3 h5 40.g3 Kg6 
41.Kd5 f5 42.Ke5 Rc8 43.Ke6 Re8+ 44.Kd5 Kf6 45.Re2 Rd8+ 46.Kc5 Ke5 0-1

[Event "9th Capablanca Memorial"]
[Site "Cienfuegos CUB"]
[Date "1972.??.??"]
[Round "6"]
[White "Spiridonov, Nikola"]
[Black "Lein, Anatoly"]
[Result "1/2-1/2"]
[WhiteElo "2450"]
[BlackElo "2510"]
[EventDate "1972.02.??"]
[PlyCount "63"]

1.c4 c5 2.Nf3 g6 3.d4 cxd4 4.Nxd4 Bg7 5.e4 Nc6 6.Be3 Nf6 7.Nc3 Ng4 8.Qxg4 
Nxd4 9.Qd1 Ne6 10.Qd2 d6 11.Be2 Bd7 12.O-O Bc6 13.Nd5 Nc5 14.f3 a5 15.Rab1
O-O 16.b3 f5 17.exf5 Rxf5 18.Nc3 Qc7 19.Bd1 Raf8 20.Bc2 R5f7 21.Rbd1 Be5 
22.f4 Bxc3 23.Qxc3 Be4 24.Bxe4 Nxe4 25.Qd4 Qc6 26.Rfe1 Nf6 27.Bd2 b5 28.
cxb5 Qxb5 29.Bc3 Qf5 30.h3 h5 31.Re2 Rc8 32.Rde1 1/2-1/2

[Event "9th Capablanca Memorial"]
[Site "Cienfuegos CUB"]
[Date "1972.??.??"]
[Round "6"]
[White "Minev, Nikolai"]
[Black "Damjanovic, Mato"]
[Result "1/2-1/2"]
[WhiteElo "2455"]
[BlackElo "2490"]
[EventDate "1972.02.??"]
[PlyCount "25"]

1.d4 Nf6 2.c4 e6 3.Nf3 Bb4+ 4.Bd2 Qe7 5.g3 Bxd2+ 6.Qxd2 O-O 7.Bg2 d6 8.O-O
e5 9.Nc3 Re8 10.e4 Nc6 11.d5 Nb8 12.Ne1 Nbd7 13.Nd3 1/2-1/2

[Event "9th Capablanca Memorial"]
[Site "Cienfuegos CUB"]
[Date "1972.??.??"]
[Round "6"]
[White "Diaz Diaz, Joaquin"]
[Black "Donner, Jan"]
[Result "1-0"]
[WhiteElo "2270"]
[BlackElo "2500"]
[EventDate "1972.02.??"]
[PlyCount "115"]

1.e4 c5 2.Nf3 d6 3.d4 cxd4 4.Nxd4 Nf6 5.Nc3 a6 6.Bg5 e6 7.f4 Be7 8.Qf3 Qc7
9.O-O-O Nbd7 10.g4 b5 11.Bxf6 Nxf6 12.g5 Nd7 13.f5 Bxg5+ 14.Kb1 Ne5 15.Qh5
Qe7 16.Nxe6 Bxe6 17.fxe6 g6 18.exf7+ Nxf7 19.Qe2 O-O 20.h4 Bf6 21.Nd5 Qe5 
22.c3 Bg7 23.Bg2 Rab8 24.a3 a5 25.Rhf1 Rb7 26.h5 Ng5 27.Rxf8+ Bxf8 28.hxg6
hxg6 29.Rf1 Bg7 30.Qg4 Rb8 31.Qd7 Re8 32.Nc7 Rb8 33.Nd5 Re8 34.Nc7 Rb8 35.
Ka1 b4 36.Nd5 Re8 37.axb4 axb4 38.Nxb4 Ra8+ 39.Kb1 Qg3 40.Qb7 Rf8 41.Qd5+ 
Kh7 42.Rxf8 Bxf8 43.Qd2 Bh6 44.Qe2 Ne6 45.Nd5 Nf4 46.Nxf4 Bxf4 47.Qf3 Qxf3
48.Bxf3 Kg7 49.Kc2 Kf6 50.Kd3 Ke7 51.Kc4 Kd7 52.Kb5 Kc7 53.c4 Be5 54.b4 
Bd4 55.Bg4 Bf2 56.e5 dxe5 57.Bf3 e4 58.Bxe4 1-0

[Event "9th Capablanca Memorial"]
[Site "Cienfuegos CUB"]
[Date "1972.??.??"]
[Round "7"]
[White "Platonov, Igor"]
[Black "Jimenez Zerquera, Eleazar"]
[Result "1-0"]
[WhiteElo "2470"]
[BlackElo "2410"]
[EventDate "1972.02.??"]
[PlyCount "73"]

1.e4 c5 2.Nf3 e6 3.Nc3 a6 4.g3 Nc6 5.Bg2 Qc7 6.O-O Nf6 7.d4 cxd4 8.Nxd4 
Nxd4 9.Qxd4 Bc5 10.Bf4 d6 11.Qd2 h6 12.Rad1 e5 13.Be3 O-O 14.Bxc5 dxc5 15.
Qd6 Ne8 16.Qxc7 Nxc7 17.Na4 a5 18.Nxc5 Ne6 19.Na4 b5 20.Nb6 Rb8 21.Rd6 Nc5
22.Rfd1 Na4 23.Nxa4 bxa4 24.b3 axb3 25.axb3 Be6 26.Bf1 Rb4 27.Ra6 Rc8 28.
Bd3 Bg4 29.Re1 Rc5 30.Ra1 Bf3 31.Ra8+ Kh7 32.R8xa5 Rxa5 33.Rxa5 f5 34.exf5
e4 35.Bc4 Rb8 36.Bd5 Rc8 37.Ra8 1-0